000 00892nam a2200169 a 4500
001 000029570
005 20200930055638.0
008 110418s1999 dr 000 0 spa d
040 _aDO-SdBNP
_bspa
_cBNPHU
110 1 _aRepública Dominicana . Procuraduría General de la República Dominicana
_bDepartamento de Prevención de la Corrupción (DPC),
_bDivisión de Eduación, Unidad de Programas Educativos
_956402
245 1 0 _aTransparencia en la gestión pública.
260 _aSanto Domingo :
_bProcuraduría General de la República Dominicana, Departamento de Prevención de la Corrupción (DPC),
_c1999.
300 _a43 p. ;
_c22 cm.
490 1 _aProgramas Educativo de la División de Eduación del Departamento de Prevención de la Corrupción
830 0 _aProgramas Educativo de la División de Eduación del Departamento de Prevención de la Corrupción
_956403
049 _aBNPD
999 _c29062
_d29062